02185 a2200301 450000500170000000800410001704000450005804100080010304100080011124500570011924600370017626000620021330000460027550006420032150802880096351101410125154600720139265000250146465000270148965000310151665000560154770000280160371000220163171000210165371000250167476500260169985601580172520140609165528.0140301s2006 xxu g q mlmul d aCO-BoUCMbspacOscar AnayadHenry Ríos aeng afre00aStranger than fictioncMarc Forster, directorh[DVD]13aMás extraño que la ficción aWashington D.C. (Estados Unidos)bColumbia Picturesc2006 a1 DVD, 113 minutosbimagen, sonido, color aSINOPSIS: Todo el mundo sabe que su vida es una historia. Pero ¿qué pasa si una historia es su vida? Harold Crick es un agente promedio IRS: monótono, aburrido y repetitivo. Pero un día todo esto cambia cuando Harold comienza a oír un autor dentro de su cabeza que narra su vida. El narrador es extraordinariamente preciso, y Harold reconoce la voz como un autor preciado que vio en la televisión. Pero cuando la narración revela que él se va a morir, Harold debe encontrar el autor de la historia, y en última instancia de su vida, para convencerlo de que cambie el final de la historia antes de que sea demasiado tarde aCRÉDITOS: Dirigida por Marc Forster ; escrita por Zach Helm ; música por Britt Daniel y Brian Reitzell ; fotografía por Roberto Schaefer ; diseño de producción por Kevin Thompson ; dirección de arte Craig Jackson ; ambientación Ford Wheeler ; vestuario Frank L. Fleming0 aREPARTO: Will Ferrell, William Dick, Guy Massey, Martha Espinoza, Ricky Adams, Christian Stolte, Emma Thompson, Queen Latifah, Tony Hale aAudio en inglés y francés. Subtítulos en inglés y francés 4aAmor en el cinevDVD 7aCine fantásticovDVD 4aEscritores en el cinevDVD 7aPelículas cinematográficaszEstados UnidosvDVD1 aForster, Marcedirector2 aColumbia Pictures2 aMandate Pictures2 aThree Strange Angels0 tStranger than fiction40uhttps://www.youtube.com/watch?v=PZpg8VII7eszSiga este enlace para ver el trailerzTrailer tomado del canal Crackle Movies & Television vía YouTube.com